Lecture Notes in Computer Science : Forst International Workshop, IPTPS 2002 Cambridge, MA, USA, March 7-8, 2002 Revised Papers

Uložené v:
Podrobná bibliografia
Ďalší autori: Druschel, Peter (Editor), Kaashoek, Frans (Editor), Rowstron, Antony (Editor)
Médium: Seriál
Jazyk:English
Vydavateľské údaje: 2002
Tagy: Pridať tag
Žiadne tagy, Buďte prvý, kto otaguje tento záznam!

MARC

LEADER 00000nas a22000003a 4500
001 stu262761
005 20150617230213.8
008 130218s2002------------------------eng-d
022 |a 0302-9743 
040 |a STU  |b slo 
041 0 |a eng 
100 1 |a Druschel, Peter  |4 edt 
245 1 |a Lecture Notes in Computer Science :  |b Forst International Workshop, IPTPS 2002 Cambridge, MA, USA, March 7-8, 2002 Revised Papers 
260 |c 2002 
300 |a 337 s 
700 1 |a Kaashoek, Frans  |4 edt 
700 1 |a Rowstron, Antony  |4 edt 
773 0 |t Lecture Notes in Computer Science  |w stu_us_cat*stu99070  |x 0302-9743  |7 nnas 
996 |c I*Z5476  |d Vol. 2429 Peer-to-Peer Systems, 2002  |v Vol. 2429 Peer-to-Peer Systems  |y 2002  |l I  |s A  |a 24  |w stu262761_0001